000
003210000a22001450004500
003
MACL
040
_a
MACL
090
_c
31451
_d
31449
100
_a
King,Nelson
245
_a
Teach Yourself Visual FoxPro 3
260
_b
BP B Publications
350
_a
180
650
_a
Computer probraming
942
_c
BOOK
_k
005.369/Kin
999
_c
31136
_d
31136